| 000 | 00403cam a2200157ua 4500 | ||
|---|---|---|---|
| 003 | OSt | ||
| 008 | 250823b |||||||| |||| 00| 0 eng d | ||
| 020 | _a81 224 1202 5 | ||
| 041 | _aeng | ||
| 082 |
_a627.54 _bASA/EL |
||
| 100 |
_aAsawa, G I . _97749 |
||
| 245 | _aElementary irrigation engineering / | ||
| 260 |
_aNew Delhi : _bNew Age International Ltd , _c1999. |
||
| 300 | _a182 ; . | ||
| 942 | _cBK | ||
| 999 |
_c2722 _d2722 |
||